[Event "Elista ol (Men)"]
[Site "Elista"]
[Date "1998.10.02"]
[Round "4"]
[White "Khakpoor, Abbas"]
[Black "Silva Sanchez, Carlos"]
[Result "1/2-1/2"]
[WhiteElo "2290"]
[BlackElo "2395"]

1.e4 g6 2.d4 Bg7 3.Nc3 d6 4.Be3 Nf6 5.Nf3 c6 6.h3 O-O 7.Qd2 Qc7 8.Bh6 Nbd7
9.Bd3 e5 10.O-O Re8 11.Rfe1 Nf8 12.Rad1 Be6 13.Bf1 Rad8 14.Bxg7 Kxg7 15.d5 cxd5
16.exd5 Bd7 17.Ne4 Ng8 18.Qb4 Bf5 19.Nfd2 Bxe4 20.Nxe4 f5 21.Nd2 Nf6 22.c4 N8d7
23.Qa3 a5 24.Nb1 Nc5 25.Nc3 Qb6 26.Nb5  1/2-1/2

[Event "Elista ol (Men)"]
[Site "Elista"]
[Date "1998.10.02"]
[Round "4"]
[White "Short, Nigel D"]
[Black "Irzhanov, Ruslan"]
[Result "1-0"]
[WhiteElo "2670"]
[BlackElo "2535"]

1.e4 g6 2.d4 Bg7 3.Nc3 d6 4.Be3 c6 5.Nf3 Nf6 6.Qd2 b5 7.Bd3 Bg4 8.e5 b4 9.Ne4 Nd5
10.Bh6 O-O 11.h4 Bxf3 12.gxf3 dxe5 13.h5 Bf6 14.Nxf6+ exf6 15.hxg6 fxg6 16.Bxf8 Qxf8
17.dxe5 Nd7 18.Be4 N7b6 19.exf6 Qxf6 20.Qh6 Qf7 21.O-O-O Nf6 22.Bxg6  1-0

[Event "Elista ol (Men)"]
[Site "Elista"]
[Date "1998.10.02"]
[Round "4"]
[White "Vidarsson, Jon G"]
[Black "Leonardo, Joao"]
[Result "1/2-1/2"]
[WhiteElo "2255"]
[BlackElo "2290"]

1.e4 g6 2.d4 Bg7 3.Nc3 d6 4.f3 c6 5.Be3 Nd7 6.Qd2 b5 7.O-O-O Rb8 8.Kb1 Nb6
9.b3 h5 10.g3 Nf6 11.Nh3 Qc7 12.Nf4 b4 13.Nce2 a5 14.Nd3 Nfd7 15.Nec1 Nf8
16.Nb2 Nfd7 17.Ncd3 Qa7 18.Nc1 a4 19.Nbd3 axb3 20.cxb3 Qb7 21.Nxb4 Qa8 22.Qc2 Bb7
23.Nbd3 O-O 24.Nb2 Rfc8 25.Qf2 Ba6 26.Bxa6 Qxa6 27.Rd2 c5 28.dxc5 Nxc5 29.Rc2 Nbd7
30.Qe2 Qb7 31.Rd1 Kh7 32.Bd4 Bh6 33.Be3 Bg7 34.Bd4 Bh6 35.Rc4 Ra8 36.Ncd3 Ne6
37.Be3 Rxc4 38.Nxc4 Bg7 39.Nc1 Ndc5 40.Nb2 Rc8 41.Bf2 Rc6 42.Ncd3 Nxd3 43.Nxd3 Ra6
44.Rc1 Nc7 45.Be1 Nb5 46.Bb4 Nd4 47.Qd1 Qa7 48.a4 Rb6 49.Ka2 Qb7 50.Rc4 e6
51.Ba5 Rc6 52.Rxc6 Qxc6 53.Bb4 Nc2 54.Bd2 Nd4 55.Bc1 f5 56.exf5 exf5 57.f4 Qg2+
58.Qd2 Qd5 59.Qd1 Qg2+ 60.Bb2 Qxh2 61.Qe1 Nc6 62.Qf2 Qh1 63.Bxg7 Kxg7 64.Kb2 Qd5
65.Kc3 Qa5+ 66.Kc2 Qd5 67.Qb6 Nd4+ 68.Kc3 Ne2+ 69.Kc2 Nxg3 70.a5 h4 71.a6 Qg2+
72.Kb1 h3 73.Qb7+ Kf6 74.Qd7 h2 75.Qxd6+ Kg7 76.Qe7+ Kh6 77.Qg5+ Kh7  1/2-1/2

[Event "Elista ol (Men)"]
[Site "Elista"]
[Date "1998.10.05"]
[Round "7"]
[White "Galego, Luis"]
[Black "Bogdanovski, Vlatko"]
[Result "0-1"]
[WhiteElo "2425"]
[BlackElo "2515"]

1.e4 d6 2.d4 g6 3.Nc3 Bg7 4.Be2 c6 5.a4 Nd7 6.Nf3 Qc7 7.O-O Ngf6 8.Bg5 O-O
9.Qd2 e5 10.Rfe1 Re8 11.Bf1 a5 12.d5 Nb6 13.dxc6 bxc6 14.Rad1 Re6 15.Be3 Ne8
16.b3 Re7 17.h3 Bb7 18.Nb1 Nd7 19.c4 Rb8 20.Bd3 Nf8 21.Nc3 Ne6 22.Bc2 Rd8
23.Qc1 Nf6 24.Re2 Nd7 25.Red2 Ndc5 26.Ne2 Bf6 27.h4 Bc8 28.Ng5 Ree8 29.Nxe6 Nxe6
30.g3 Bb7 31.Bb1 Bg7 32.Rd3 c5 33.Nc3 Nd4 34.Nd5 Bxd5  0-1

[Event "Elista ol (Men)"]
[Site "Elista"]
[Date "1998.10.06"]
[Round "8"]
[White "Najjar, Ahmad"]
[Black "Kobese, Watu"]
[Result "0-1"]
[WhiteElo "2255"]
[BlackElo "2415"]

1.d4 d6 2.Nc3 g6 3.e4 Bg7 4.Nf3 Nf6 5.Bc4 O-O 6.O-O c6 7.a4 d5 8.Bd3 dxe4
9.Nxe4 Nd5 10.c3 a5 11.Re1 Nd7 12.Qc2 Qc7 13.b3 N7b6 14.Ba3 Nf4 15.Bf1 Bf5
16.Qd2 Bh6 17.Kh1 Nbd5 18.c4 Nb4 19.Bxb4 axb4 20.Qxb4 b6 21.Neg5 c5 22.Qd2 cxd4
23.Qxd4 Bg7 24.Ne5 Bxe5 25.Rxe5 f6 26.Qxf4 Qxe5 27.Qxe5 fxe5 28.Be2 e4 29.g4 h6
30.gxf5 hxg5 31.fxg6 Rxf2 32.Re1 Rd8 33.Kg1 Rf4 34.b4 e3 35.a5 bxa5 36.b5 Rf5
37.Bg4 Re5 38.Bf3 Rd6 39.Rb1 e2 40.Re1 a4 41.Bxe2 a3 42.c5 Rxc5 43.Ra1 Rc3  0-1

[Event "Elista ol (Men)"]
[Site "Elista"]
[Date "1998.10.07"]
[Round "9"]
[White "Abdulghafour, Yousef"]
[Black "Gadjilu, Rauf"]
[Result "1-0"]
[WhiteElo "2130"]
[BlackElo "2465"]

1.e4 g6 2.d4 Bg7 3.Nc3 d6 4.Nge2 c6 5.h3 Nd7 6.a4 Ngf6 7.g3 O-O 8.Bg2 e5
9.Be3 exd4 10.Bxd4 Re8 11.O-O Qe7 12.g4 h6 13.Qd2 Ne5 14.b3 g5 15.Rad1 Be6
16.Be3 Red8 17.f4 gxf4 18.Bxf4 Kh7 19.Ng3 Ng8 20.g5 Ng6 21.Be3 hxg5 22.Nf5 Bxf5
23.Rxf5 f6 24.Rdf1 Nh6 25.R5f2 Nh4 26.Qd3 Kh8 27.Bd4 Rf8 28.Ne2 Ng6 29.Ng3 Nf4
30.Rxf4 gxf4 31.Nh5 Qf7 32.Qe2 Rae8 33.Rxf4 Qg6 34.Qf3 Re6 35.Rh4 Qg5 36.Nf4 Ree8
37.Rh5 Kh7 38.Rxg5 fxg5 39.Bxg7 Rxf4 40.Qh5 Re6 41.Qxg5 Rf7 42.Bd4 Rg6 43.Qd8 Ng8
44.Kh2 c5 45.Bc3 Nf6 46.Bf3 b6 47.Bg4  1-0

[Event "Elista ol (Men)"]
[Site "Elista"]
[Date "1998.10.07"]
[Round "9"]
[White "San Segundo, Pablo"]
[Black "Hillarp Persson, Tiger"]
[Result "1/2-1/2"]
[WhiteElo "2490"]
[BlackElo "2410"]

1.d4 g6 2.e4 Bg7 3.Nc3 d6 4.f4 a6 5.Nf3 b5 6.Bd3 Nd7 7.Be3 Bb7 8.e5 c5 9.Ng5 cxd4
10.e6 f5 11.Bxf5 Ndf6 12.Bxg6+ hxg6 13.Qd3 Nh6 14.Qxg6+ Kf8 15.Bxd4 Qe8 16.Qd3 Qh5
17.Ne2 Qg4 18.O-O-O Rc8 19.Kb1 Qf5 20.Qd2 Qg6 21.Ng3 Nf5 22.Qd3 Nh4 23.Qxg6 Nxg6
24.Nf5 Bxg2 25.Rhg1 Rxh2 26.Rd2 Nxf4 27.Nxg7 Kxg7 28.Rf2 Rh4 29.Nh3 Nxh3
30.Rgxg2+ Kh7 31.Bxf6 exf6 32.Rxf6 Ng5 33.a4 Rc5 34.e7 Re4 35.Rxd6 Rxe7 36.Rxa6 bxa4
37.Rxa4 Kg6 38.Rgg4 Kf6 39.Rgc4 Rce5 40.Ra6+ Kf5 41.Ka2 Ne4 42.c3 Rd5  1/2-1/2

[Event "Elista ol (Men)"]
[Site "Elista"]
[Date "1998.10.10"]
[Round "11"]
[White "Matsuura, Everaldo"]
[Black "Rama, Lorenc"]
[Result "0-1"]
[WhiteElo "2400"]
[BlackElo "2295"]

1.e4 g6 2.d4 Bg7 3.Nc3 d6 4.Be3 a6 5.a4 b6 6.Nf3 Bb7 7.Bc4 e6 8.O-O Nd7 9.Re1 Ne7
10.Qd2 h6 11.Rad1 Nf6 12.d5 e5 13.h3 g5 14.Nh2 Nh5 15.Bf1 Nf4 16.g3 Bc8 17.gxf4 gxf4
18.Bxf4 exf4 19.Qxf4 Ng6 20.Qe3 Be5 21.Ne2 Qg5+ 22.Qxg5 hxg5 23.c3 Bxh3 24.Nf3 Bg4
25.Bg2 f6 26.Rd3 O-O-O 27.Nxe5 Nxe5 28.Rg3 Bd7 29.a5 bxa5 30.Nd4 a4 31.Ra1 Kb7
32.Bf1 Rh4 33.Re3 Rdh8 34.Bg2 Ng6 35.Ne2 Nf4 36.Nxf4 gxf4 37.Rf3 Rg8  0-1

[Event "Elista ol (Men)"]
[Site "Elista"]
[Date "1998.10.10"]
[Round "11"]
[White "Stefansson, Hannes"]
[Black "Spraggett, Kevin"]
[Result "1-0"]
[WhiteElo "2535"]
[BlackElo "2560"]

1.e4 g6 2.d4 d6 3.Nc3 Bg7 4.f4 a6 5.Nf3 b5 6.Bd3 Nd7 7.a4 b4 8.Ne2 c5 9.c3 bxc3
10.bxc3 e6 11.h4 Ne7 12.h5 cxd4 13.cxd4 Nf6 14.e5 Nfd5 15.Ng5 Nf5 16.Ne4 O-O
17.Qb3 a5 18.g4 dxe5 19.fxe5 Nxd4 20.Nxd4 Nb4 21.Bb2 Bxe5 22.Rd1 Bxd4 23.Bc4 Nc6
24.hxg6 fxg6 25.Bxe6+ Kh8 26.Rxd4 Nxd4 27.Qd5  1-0

[Event "Elista ol (Men)"]
[Site "Elista"]
[Date "1998.10.10"]
[Round "11"]
[White "Chavez, Hector Eduardo"]
[Black "Abdul Wahab, A Rasheed"]
[Result "0-1"]
[WhiteElo "2070"]
[BlackElo "2325"]

1.e4 g6 2.d4 Bg7 3.Nc3 d6 4.Be2 Nd7 5.h4 h5 6.Bg5 c6 7.Qd2 b5 8.O-O-O b4
9.Na4 Qa5 10.b3 Nb6 11.a3 c5 12.axb4 cxb4 13.Qd3 Bd7 14.Nxb6 axb6 15.Nf3 Nh6
16.Kd2 Ng4 17.Ke1 Bh6 18.Nd2 b5 19.f3 Rc8 20.Nb1 Nf6 21.Bxh6 Rxh6 22.Kf2 Kf8
23.Rhe1 Rh8 24.Kg1 Kg7 25.Rc1 Rc7 26.c4 bxc3 27.Rxc3 Rxc3 28.Qxc3 Qa2 29.Nd2 Rc8
30.Ra1 b4 31.Rxa2 bxc3 32.Nc4 d5 33.e5 dxc4 34.exf6+ Kxf6 35.bxc4 Bf5 36.Ra3 c2
37.Rc3 Rb8 38.Kf2 Rb1 39.g4 c1=Q 40.Rxc1 Rxc1 41.gxf5 Kxf5 42.Ke3 Ke6 43.d5+ Kd6
44.Kd4 f6 45.Bd3 g5  0-1

[Event "Elista ol (Men)"]
[Site "Elista"]
[Date "1998.10.10"]
[Round "11"]
[White "Al Zendani, Zendan"]
[Black "Khamdamov, Suhrob"]
[Result "1-0"]
[WhiteElo "2170"]
[BlackElo "2140"]

1.e4 g6 2.d4 Bg7 3.Nc3 d6 4.Be3 a6 5.Qd2 b5 6.f3 Bb7 7.a4 c6 8.h4 h5 9.Nh3 Nd7
10.Ng5 Ngf6 11.Be2 b4 12.Nd1 a5 13.Bc4 O-O 14.Nf2 d5 15.Bb3 e5 16.dxe5 Nxe5
17.O-O-O Qe7 18.Rhe1 Rfe8 19.exd5 Nxd5 20.f4 Ng4 21.Nxg4 hxg4 22.Bd4 Qd6
23.Bxg7 Kxg7 24.g3 Rxe1 25.Rxe1 Rd8 26.Qd4+ Qf6 27.Qxf6+ Kxf6 28.Ne4+ Kg7
29.Nf2 Bc8 30.Nd3 Bf5 31.Ne5 Rc8 32.Nc4 Ra8 33.Re5 Be6 34.Nd6 Ra7 35.Bxd5 Bxd5
36.Ne8+ Kf8 37.Nf6 Bf3 38.Kd2 Kg7 39.Ne8+ Kf8 40.Nf6 Kg7 41.Ne8+ Kf8 42.Ke3 Rd7
43.f5 Rd1 44.Kf4 gxf5 45.h5 Rh1 46.Nf6 Kg7 47.Kg5  1-0

[Event "NRW Sportland Cup Masters"]
[Site "Senden"]
[Date "1998.10.10"]
[Round "3"]
[White "Thiel, Thomas"]
[Black "Wiehagen, Juergen"]
[Result "1-0"]
[WhiteElo "2310"]
[BlackElo "2100"]

1.e4 g6 2.d4 Bg7 3.Nc3 d6 4.Nf3 Nf6 5.h3 O-O 6.Be3 c6 7.a4 a5 8.Be2 Na6 9.O-O Qc7
10.Qc1 e5 11.Rd1 Re8 12.dxe5 dxe5 13.Bf1 b6 14.Nd2 Be6 15.Nc4 Bxc4 16.Bxc4 Nb4
17.Qd2 Rad8 18.Qe2 h6 19.f3 Nh5 20.Qf2 c5 21.Nb5 Qe7 22.c3 Na6 23.b4 axb4
24.a5 Rxd1+ 25.Rxd1 Rd8 26.Rxd8+ Qxd8 27.axb6 Qxb6 28.cxb4 Bf8 29.Qd2 Qf6
30.bxc5 Bxc5 31.Bxc5 Nxc5 32.Nd6 Ne6 33.Qxh6 Qe7 34.Nf5 gxf5 35.Bxe6 Qxe6
36.Qxh5 Qb6+ 37.Kh2 fxe4 38.Qg4+ Kf8 39.fxe4 Qh6 40.h4 f6 41.Kh3 Ke7 42.Qf3 Kf7
43.Qb3+ Kg7 44.Qb7+ Kf8 45.Qc8+ Ke7 46.g3 Qh5 47.g4 Qh6 48.Qc7+ Ke8 49.Qc6+ Ke7
50.g5 Qg6 51.Qxf6+ Qxf6 52.gxf6+ Kxf6 53.Kg4 Kg6 54.h5+ Kh6 55.Kh4  1-0

[Event "Elista ol (Men)"]
[Site "Elista"]
[Date "1998.10.11"]
[Round "12"]
[White "Soto Paez, Oliver"]
[Black "Norris, Alan J"]
[Result "0-1"]
[WhiteElo "2320"]
[BlackElo "2330"]

1.e4 g6 2.d4 Bg7 3.Nc3 d6 4.f4 Nf6 5.Bd3 O-O 6.Nf3 Na6 7.O-O c5 8.e5 Nd7
9.exd6 exd6 10.d5 Rb8 11.f5 Ne5 12.Nxe5 Bxe5 13.Qf3 c4 14.Bxc4 Bxf5 15.Bd3 Bxd3
16.Qxd3 Qh4 17.g3 Qd4+ 18.Be3 Qxd3 19.cxd3 Nb4 20.d4 Bg7 21.Rad1 Nc2 22.Bf2 Rfe8
23.Rd3 Nb4 24.Rf3 b5 25.Rd1 Na6 26.Re3 Rxe3 27.Bxe3 b4 28.Ne2 Nc7 29.Bf4 Bf8
30.Rc1 Nxd5 31.Rc6 Rb6 32.Rc8 Nxf4 33.Nxf4 Ra6 34.Rb8 Rxa2 35.Rxb4 Bh6 36.Nd5 Bc1
37.Nf6+ Kg7 38.Ne8+ Kf8 39.Nxd6 Rxb2 40.Ra4 Be3+ 41.Kh1 Rb6 42.Nc8 Rb1+ 43.Kg2 Rd1
44.Nxa7 Rd2+ 45.Kh1 Bxd4 46.Nc6 Bf6 47.Rc4 h5 48.Kg1 Kg7 49.Rc5 h4 50.Ne5 Re2
51.Nf3 h3 52.Rd5 Rg2+ 53.Kf1 Bc3 54.Rd3 Bb4 55.Rd4 Rb2 56.Rc4 Ba5 57.Ng5 Rxh2
58.Rh4 Rh1+ 59.Ke2 h2 60.Nf3 Rg1 61.Rxh2 Rxg3 62.Rh4 Rg2+ 63.Kd3 Bd8 64.Rd4 Bf6
65.Rd7 g5 66.Ke4 Kg6 67.Rd6 Rg4+ 68.Ke3 Kg7 69.Rd5 Kg6 70.Kf2 Re4 71.Kg3 Rf4
72.Rb5 Rf5 73.Rb6 Kh5 74.Rb7 g4 75.Nh2 Be5+ 76.Kg2 Bxh2 77.Kxh2 Rf3 78.Kg2 Kg5
79.Rb4 f5 80.Ra4 Rb3 81.Ra5 Rf3 82.Ra4 Kh4 83.Ra5 Rf4 84.Ra8 Rb4 85.Rh8+ Kg5
86.Rg8+ Kf4 87.Ra8 Rb2+ 88.Kg1 g3 89.Ra7 Kf3 90.Ra3+ Kg4 91.Ra8 f4 92.Ra4 Kh3
93.Ra1 f3  0-1

[Event "Elista ol (Men)"]
[Site "Elista"]
[Date "1998.10.11"]
[Round "12"]
[White "Gamboa, Nelson"]
[Black "Hamed, Ahmed"]
[Result "1-0"]
[WhiteElo "2380"]
[BlackElo "2320"]

1.e4 g6 2.d4 Bg7 3.Nc3 d6 4.Be3 c6 5.Qd2 b5 6.Bd3 Nd7 7.Nf3 a6 8.O-O e5 9.a4 b4
10.Ne2 a5 11.dxe5 dxe5 12.c3 Qe7 13.cxb4 axb4 14.Qc2 Bb7 15.a5 Rc8 16.a6 Ba8
17.Ra4 Ngf6 18.Bd2 b3 19.Qb1 O-O 20.Nc1 Nc5 21.Bb4 Rb8 22.Ba3 Nfd7 23.Ra5 Rfc8
24.Bc4 Rb5 25.Nxb3 Rxa5 26.Nxa5 Bf8 27.Nb3 Qf6 28.Rd1 Rd8 29.Nxc5 Nxc5 30.Rxd8 Qxd8
31.Nxe5 Qd4 32.Bxf7+ Kg7 33.Nf3 Qxe4 34.Qc1 Nd3 35.Qc3+  1-0

[Event "Elista ol (Men)"]
[Site "Elista"]
[Date "1998.10.11"]
[Round "12"]
[White "Agopov, Mikael"]
[Black "Kozak, Alexander"]
[Result "0-1"]
[WhiteElo "2350"]
[BlackElo "2335"]

1.d4 g6 2.e4 Bg7 3.Nc3 d6 4.Nf3 Nf6 5.Bf4 c5 6.d5 Qa5 7.Qd2 Qb4 8.Bb5+ Nbd7
9.O-O O-O 10.a3 Qa5 11.e5 dxe5 12.Nxe5 Nxe5 13.Bxe5 Ne4 14.Qe2 Bxe5 15.Nxe4 Bxb2
16.Rab1 Bg7 17.Bc4 Qc7 18.f4 a6 19.a4 Rb8 20.h4 Bd7 21.h5 Bxa4 22.hxg6 hxg6
23.f5 Bd4+ 24.Kh1 Kg7 25.g3 Bd7 26.d6 Rh8+ 27.Kg2 Qc6 28.Qg4 Rh5 29.Bxf7 Kxf7
30.fxg6+ Kg8 31.Qe2 Bh3+ 32.Kh1 Bg4+  0-1

[Event "NRW Sportland Cup Masters"]
[Site "Senden"]
[Date "1998.10.11"]
[Round "4"]
[White "Balcerak, Jakob"]
[Black "Thiede, Lars"]
[Result "0-1"]
[WhiteElo "2300"]
[BlackElo "2355"]

1.e4 g6 2.d4 Bg7 3.Nc3 d6 4.f4 a6 5.Nf3 Nd7 6.Be3 b5 7.Bd3 c5 8.e5 Bb7 9.Be4 Bxe4
10.Nxe4 c4 11.g4 h5 12.gxh5 Rxh5 13.h4 Nb6 14.Nfg5 Nd5 15.Qf3 Nxe3 16.Qxe3 dxe5
17.fxe5 Qd5 18.O-O-O Rd8 19.Nc3 Qb7 20.Ne2 Bh6 21.Ng3 Bxg5 22.hxg5 Rxh1 23.Rxh1 Qg2
24.Rf1 b4 25.Qf4 Qd5 26.Ne4 Kf8 27.Nc5 Kg7 28.Qh4 a5 29.e6 f6 30.gxf6+ Nxf6
31.Nd7 Qxe6 32.Ne5 Rh8 33.Qg5 Rh6 34.Rg1 Ne4 35.Qf4 Nd6 36.Ng4 Rh4 37.Qg3 Nf5
38.Qf2 c3 39.b3 Rh5 40.Ne5 Rh6 41.Ng4 Rh4 42.Ne5 Rxd4 43.Rxg6+ Qxg6 44.Nxg6 Kxg6
45.Qg2+ Kf6 46.Qc6+ e6 47.Qc5 Rd2 48.Qf8+ Kg5 49.Qg8+ Kf4 50.Qf7 e5 51.Qc4+ Nd4
52.Qf1+ Kg5 53.Qg1+ Kf6 54.Qf1+ Ke7  0-1

[Event "Elista ol (Men)"]
[Site "Elista"]
[Date "1998.10.12"]
[Round "13"]
[White "Cueto, Johny"]
[Black "Sousa, Armindo"]
[Result "1/2-1/2"]
[WhiteElo "2350"]
[BlackElo "2220"]

1.e4 g6 2.d4 Bg7 3.Nc3 d6 4.f4 Nf6 5.Nf3 O-O 6.Be3 Na6 7.Qd2 c5 8.O-O-O cxd4
9.Bxd4 Be6 10.Ng5 Bg4 11.Be2 Bxe2 12.Qxe2 h6 13.Nf3 Qa5 14.Rhe1 Nc7 15.Kb1 Ne6
16.Bxf6 Bxf6 17.Nd5 Bg7 18.Nxe7+ Kh7 19.Nd5 Nc7 20.Qc4 Nxd5 21.Rxd5 Qb6 22.Qb3 Qc7
23.h4 a5 24.a4 b5 25.Rxb5 Rfb8 26.e5 Rxb5 27.Qxb5 Rb8 28.Qd3 dxe5 29.fxe5 h5
30.Re4 Qb6 31.Qd4 Qc6 32.Qc4 Qd7 33.Qd3 Qb7 34.Qd4 Qe7 35.Qc3 f6 36.Rc4 Rb7
37.Rc6 fxe5 38.Re6 Qb4 39.Qxb4 Rxb4 40.b3 Rg4 41.c4 Rxg2 42.c5 e4 43.Ng5+ Kh6
44.Nf7+ Kh7 45.Ng5+ Kh6 46.Nf7+ Kh7 47.Ng5+  1/2-1/2

[Event "Elista ol (Men)"]
[Site "Elista"]
[Date "1998.10.12"]
[Round "13"]
[White "Ekstroem, Roland"]
[Black "Rama, Lorenc"]
[Result "1/2-1/2"]
[WhiteElo "2510"]
[BlackElo "2295"]

1.e4 g6 2.d4 Bg7 3.Nc3 d6 4.Be3 a6 5.Nf3 Nd7 6.Bd3 c5 7.O-O cxd4 8.Bxd4 Ngf6
9.Nd5 O-O 10.c4 b6 11.Qe2 e6 12.Nxf6+ Bxf6 13.Rad1 Bxd4 14.Nxd4 Bb7 15.Bb1 Qc7
16.b3 Rae8 17.Qd2 Nc5 18.Rfe1 d5 19.exd5 exd5 20.cxd5 Bxd5 21.Nf5 Be6 22.Ne3 Rd8
23.Qb4 Rxd1 24.Rxd1 Rd8 25.Rxd8+  1/2-1/2

[Event "NRW Sportland Cup Masters"]
[Site "Senden"]
[Date "1998.10.13"]
[Round "6"]
[White "Holzke, Frank"]
[Black "Thiede, Lars"]
[Result "1-0"]
[WhiteElo "2425"]
[BlackElo "2355"]

1.e4 g6 2.d4 Bg7 3.Nc3 d6 4.f4 a6 5.Nf3 Nd7 6.Bd3 c5 7.dxc5 Nxc5 8.a4 Nf6
9.O-O O-O 10.Kh1 Bd7 11.Be3 Bc6 12.Bxc5 dxc5 13.Qe2 Qb6 14.Rfb1 Nh5 15.Qe3 Bd4
16.Qd2 c4 17.Bxc4 Be3 18.Qe1 Nxf4 19.Qh4 Qc5 20.Re1 Nh5 21.Re2 e6 22.Bb3 Rad8
23.Rf1 h6 24.Ree1 Bg5 25.Nxg5 hxg5 26.Qh3 Kg7 27.Qf3 Qe5 28.Bc4 Rd7 29.Bd3 Rh8
30.Kg1 Nf4 31.g3 Qd4+ 32.Re3 Nh3+ 33.Kg2 g4 34.Qe2 Ng5 35.Rf4 Nf3 36.Rexf3 gxf3+
37.Qxf3 Qe5 38.Qf2 f5 39.Kg1 Qd4 40.exf5 Qxf2+ 41.Kxf2 exf5 42.h4 Kf6 43.b4 Bd5
44.a5 Bc6 45.Ne2 Bb5 46.Bxb5 axb5 47.Nd4 Rc8 48.h5 gxh5 49.Rxf5+ Kg6 50.Rf4 Rc4
51.c3 Rxc3 52.Nxb5 Rcd3 53.Kg2 Kg5 54.Kh3 Kg6 55.Rc4 R7d5 56.Nc3 Rg5 57.Ne2 Re3
58.Rc2 Kh6 59.Rd2 Rf5 60.Nd4 Rd5 61.b5 Rg5 62.Kh2 Kh7 63.a6 bxa6 64.bxa6 Rexg3
65.Ra2 R3g4  1-0

[Event "Young Masters"]
[Site "Honra"]
[Date "1998.10.14"]
[Round "5"]
[White "Fernando, Diogo"]
[Black "Reis, Luis Sousa"]
[Result "1-0"]
[WhiteElo "2185"]
[BlackElo "2225"]

1.e4 g6 2.d4 Bg7 3.Nc3 d6 4.g3 Nf6 5.Bg2 O-O 6.Nge2 e5 7.h3 c6 8.a4 Be6 9.O-O Nbd7
10.d5 cxd5 11.exd5 Bf5 12.g4 Bxg4 13.hxg4 Nxg4 14.Qd3 f5 15.Qg3 Rc8 16.a5 Ndf6
17.Ra4 Rf7 18.f3 f4 19.Qh4 Nh6 20.Bh3 Nf5 21.Qg5 Bh6 22.Qg2 Kh8 23.Bd2 Rc5
24.b4 Rc4 25.Bxf5 gxf5 26.Qh3 Ng8 27.b5 Qc8 28.Rxc4 Qxc4 29.Rf2 Bf8 30.Rg2 Qc5+
31.Kh1 Qa3 32.Qh5 Nh6 33.Be1 Qxa5 34.Bh4 Qc7 35.Bg5 Ng8 36.Qh2 a5 37.Qh5 Qd7
38.Na4 Rg7 39.Nec3 Qc8 40.Bh4 Rxg2 41.Kxg2 Qd7  1-0

[Event "NRW Sportland Cup Masters"]
[Site "Senden"]
[Date "1998.10.15"]
[Round "8"]
[White "Sax, Gyula"]
[Black "Thiede, Lars"]
[Result "0-1"]
[WhiteElo "2525"]
[BlackElo "2355"]

1.e4 g6 2.d4 Bg7 3.Nc3 d6 4.f4 a6 5.Nf3 Nd7 6.a4 e6 7.Bd3 Ne7 8.O-O c5 9.dxc5 Nxc5
10.Be3 Qc7 11.Qe1 O-O 12.a5 Bd7 13.Kh1 Rae8 14.Qf2 Nxd3 15.cxd3 f5 16.Bb6 Qb8
17.Ba7 Qc7 18.Bb6 Qb8 19.Qh4 fxe4 20.dxe4 d5 21.e5 Nf5 22.Qh3 h6 23.Bc5 Rf7
24.g4 Ne7 25.Nh4 d4 26.Bxd4 Bc6+ 27.Kg1 Rd8 28.Qe3 Rxd4 29.Qxd4 g5 30.Rad1 gxh4
31.Qd8+ Qxd8 32.Rxd8+ Kh7 33.Rd6 Ng6 34.Rd4 h3 35.b4 Bg2 36.Rf2 Nh4 37.Rd3 Bf8
38.f5 Bxb4 39.fxe6 Nf3+ 40.Rfxf3 Rxf3 41.Rxf3 Bxf3 42.Kf2 Bxg4 43.Nd5 Bc5+  0-1

[Event "NRW Sportland Cup Masters"]
[Site "Senden"]
[Date "1998.10.15"]
[Round "8"]
[White "Balcerak, Jakob"]
[Black "Streich, Gerhard"]
[Result "1-0"]
[WhiteElo "2300"]
[BlackElo "2200"]

1.e4 g6 2.d4 Bg7 3.Nc3 d6 4.f4 e6 5.Nf3 Ne7 6.Bd3 Nd7 7.O-O a6 8.Qe1 b5 9.f5 O-O
10.fxe6 fxe6 11.Qh4 Nc6 12.Bg5 Qe8 13.e5 dxe5 14.d5 Nd4 15.dxe6 Qxe6 16.Nxd4 exd4
17.Rxf8+ Nxf8 18.Re1 Qg4 19.Nd5 Qxh4 20.Bxh4 Ne6 21.Rxe6 Bxe6 22.Nxc7 Rc8
23.Nxe6 Be5 24.Bf2 Re8 25.Nxd4 Rf8 26.c3 Bxh2+ 27.Kf1 Bg3 28.Nf3 Bxf2 29.Kxf2 Kg7
30.Ke3 h5 31.Ng5 Kf6 32.Nh7+  1-0

[Event "SVK-chT2A 9899"]
[Site "SVK"]
[Date "1998.10.17"]
[Round "1"]
[White "Petrik, Tomas"]
[Black "Lauf, Pavol"]
[Result "1/2-1/2"]
[WhiteElo "2275"]
[BlackElo "2151"]

1.e4 d6 2.d4 g6 3.Nc3 Bg7 4.f4 Nf6 5.Nf3 c5 6.Bb5+ Bd7 7.e5 Ng4 8.Bxd7+ Qxd7
9.d5 dxe5 10.h3 e4 11.Nxe4 Nf6 12.Ne5 Qd8 13.Nxf6+ Bxf6 14.O-O O-O 15.b3 Nd7
16.Bb2 Qc7 17.Qe2 Bg7 18.Rae1 Nf6 19.c4 Rae8 20.Qd3 Rd8 21.Qc2 e6 22.dxe6 fxe6
23.g3 Rfe8 24.Re2 Nd7 25.Ng4 Nf8 26.Nf6+ Bxf6 27.Bxf6 Rd7 28.Rfe1 Qd6 29.Ba1 Qd3
30.Kf2 Qxc2 31.Rxc2 Kf7 32.Bc3 Red8 33.Ree2 Rd3 34.Rcd2 R8d7 35.Rxd3 Rxd3
36.Re3 Rd1 37.Re2 Rd3 38.Be1 Nd7 39.Re3 Rd1 40.Ke2 Ra1 41.a4 b6 42.Rd3 Ke7
43.g4 Rb1 44.Kd2 Rb2+ 45.Kc3 Rh2 46.Bh4+ Nf6 47.Re3 Kf7 48.Bg5 a5 49.Kd3 Rb2
50.Bxf6 Kxf6 51.Ke4 Rd2 52.Kf3 Rd1  1/2-1/2

[Event "SVK-chT2A 9899"]
[Site "SVK"]
[Date "1998.10.17"]
[Round "1"]
[White "Samko, Karol"]
[Black "Holly, Milan"]
[Result "1/2-1/2"]
[WhiteElo "1955"]
[BlackElo "1681"]

1.e4 d6 2.d4 g6 3.Nc3 Bg7 4.Be3 Nf6 5.f3 O-O 6.Bd3 a6 7.Qd2 e5 8.d5 c6 9.g4 Nbd7
10.O-O-O c5 11.h4 h5 12.Bg5 b5 13.gxh5 gxh5 14.Bh6 Ne8 15.Qg5 Qxg5+ 16.hxg5 Bxh6
17.gxh6 Nef6 18.Nh3 Kh7 19.f4 c4 20.Be2 b4 21.Na4 Nxe4 22.Ng5+ Nxg5 23.fxg5 f6
24.Rxh5 fxg5 25.Rxg5 Rf6 26.Rdg1 e4 27.Rg7+ Kxh6 28.Rg8 Kh7 29.R1g7+ Kh6
30.Bg4 Ne5 31.Be2 Bb7 32.Rxa8 Bxa8 33.Ra7 Bxd5 34.Rxa6 e3 35.c3 b3 36.axb3 cxb3
37.Kd1 Bc4 38.Bxc4 Nxc4 39.Rc6 Rf1+ 40.Ke2 Rf2+ 41.Ke1 Nxb2 42.Rxd6+ Kg5
43.Nc5 Rc2 44.Nxb3 Rxc3 45.Nd4 Kg4 46.Rg6+ Kh5 47.Rg8 Rd3 48.Nf5 Rd2 49.Nxe3  1/2-1/2

[Event "SWE-chT 9899"]
[Site "Sweden"]
[Date "1998.10.17"]
[Round "2"]
[White "Hermansson, Emil"]
[Black "Andreasson, Ingvar"]
[Result "1-0"]
[WhiteElo "2340"]
[BlackElo "2360"]

1.e4 d6 2.d4 g6 3.Nc3 Bg7 4.f4 a6 5.Nf3 b5 6.Bd3 Bb7 7.e5 e6 8.a4 b4 9.Ne4 Ne7
10.a5 Nf5 11.c3 O-O 12.O-O Nc6 13.Qe2 Kh8 14.Bd2 f6 15.exf6 Bxf6 16.Neg5 Qd7
17.Qxe6 Qg7 18.Qa2 Bxg5 19.fxg5 Nce7 20.Rae1 Rab8 21.Be4 Bxe4 22.Rxe4 b3
23.Qa4 Qf7 24.Qa1 Nd5 25.Qe1 Ng7 26.c4 Nb4 27.Bxb4 Qxc4 28.d5 Qxd5 29.Bc3 Kg8
30.Re7 Rf7 31.Rxf7 Qxf7 32.Ne5 Qe6 33.Nf7  1-0

[Event "BL2-N9899"]
[Site "Germany"]
[Date "1998.10.18"]
[Round "1.1"]
[White "Hegeler, Frank"]
[Black "Bangiev, Alexander"]
[Result "0-1"]
[WhiteElo "2360"]
[BlackElo "2395"]

1.d4 g6 2.e4 Bg7 3.Nc3 d6 4.Nf3 c6 5.a4 Nf6 6.g3 b6 7.Bg2 Ba6 8.e5 Nd5 9.Nxd5 cxd5
10.e6 fxe6 11.Ng5 Qc8 12.Bh3 Nd7 13.Bxe6 Qc6 14.Ra3 Nf6 15.Rc3 Qxa4 16.Qf3 Qa5
17.Kd1 h6 18.Nf7 Rf8 19.Re1 Rxf7 20.Bxf7+ Kxf7 21.Rc7 Bf8 22.Bxh6 Bxh6 23.Rcxe7+ Kg8
24.c3 Qa4+  0-1

[Event "BL2-W9899"]
[Site "Germany"]
[Date "1998.10.18"]
[Round "1.8"]
[White "Blaskowski, Johannes"]
[Black "Oswald, Hans Joachim"]
[Result "1/2-1/2"]
[WhiteElo "2280"]
[BlackElo "2305"]

1.e4 g6 2.d4 Bg7 3.Nc3 d6 4.Be3 Nf6 5.h3 c6 6.Nf3 O-O 7.a4 Nbd7 8.Be2 e5
9.O-O exd4 10.Bxd4 Re8 11.Bd3 a5 12.Re1 Ne5 13.Bf1 Nh5 14.Nxe5 dxe5 15.Be3 Qc7
16.g3 Bf8 17.Qf3 Ng7 18.Red1 Ne6 19.Bc4 Be7 20.h4 h5 21.Rd2 Kg7 22.Kg2 Bd7
23.Qe2 Rad8 24.f3 Bc8 25.Rad1 Rxd2 26.Rxd2 Rd8 27.Qf2 Rxd2 28.Qxd2 Qd8  1/2-1/2

[Event "BL2-S9899"]
[Site "Germany"]
[Date "1998.10.18"]
[Round "1.4"]
[White "Krockenberger, Martin"]
[Black "Gerer, Josef"]
[Result "1-0"]
[WhiteElo "2310"]
[BlackElo "2200"]

1.e4 g6 2.d4 d6 3.Nc3 Bg7 4.Nf3 Nf6 5.Be3 c6 6.Qd2 b5 7.Bd3 Nbd7 8.Bh6 O-O
9.e5 Bxh6 10.Qxh6 dxe5 11.dxe5 Ng4 12.Qf4 Nc5 13.O-O-O Qc7 14.h3 Nxf2 15.Qh6 Ncxd3+
16.cxd3 f6 17.Rhf1 Nxd1 18.Ng5 e6 19.exf6 Rf7 20.Nxf7 Qxf7 21.Kxd1 e5 22.g4 Be6
23.Ne4 Qf8 24.f7+ Kh8 25.Qh4  1-0

[Event "BL2-O9899"]
[Site "Germany"]
[Date "1998.10.18"]
[Round "1.4"]
[White "Lorenz, Gerd"]
[Black "Bartsch, Berthold"]
[Result "0-1"]
[WhiteElo "2350"]
[BlackElo "2300"]

1.d4 d6 2.e4 g6 3.Nc3 Bg7 4.Bc4 c6 5.Bb3 Nf6 6.Bg5 b5 7.a3 O-O 8.Qd2 Nbd7
9.Bh6 Bxh6 10.Qxh6 c5 11.Nf3 cxd4 12.Nxd4 Qb6 13.Rd1 Bb7 14.O-O a6 15.Nf3 e6
16.Ng5 Rfe8 17.Rd3 Ne5 18.Rg3 Rac8 19.Kh1 Rxc3 20.bxc3 Bxe4 21.f4 Nc4 22.Bxc4 bxc4
23.Rh3 Bxc2 24.Nxh7 Nxh7 25.Qxh7+ Kf8 26.Qh4 Bf5 27.Rhf3 Kg7 28.Qe1 Qc5 29.Qd2 Rb8
30.h3 Bd3 31.Re1 Qxa3 32.f5 exf5 33.Re7 Qc5 34.Qg5 a5 35.Rfe3 Be4 36.Qf4 Qd5
37.R3xe4 fxe4 38.Rxe4 Rc8 39.Rd4 Qe5 40.Qd2 Rb8 41.Kg1 Qg3 42.Qc2 Re8 43.Rd1 Re3
44.Rf1 Rxc3 45.Qb2 Qe5 46.Qb7 Qe6 47.Qb2 Qe3+ 48.Kh1 d5 49.Qb7 Qe6 50.Qa7 Rd3
51.Qxa5 Qe2 52.Qa1+ d4 53.Re1 Qh5 54.Rf1 Qd5 55.Qa6 Rd2 56.Qf6+ Kg8 57.Rf3 c3  0-1